|
|
|
|
| LEADER |
007350000a22002290004500 |
| 020 |
|
|
|a 1-4051-0774-X
|
| 082 |
|
|
|a 809.3 P6
|
| 100 |
|
|
|a Hale, Dorothy J; Editor
|
| 245 |
|
|
|a The novel: an anthology of criticism and theory 1900-2000
|
| 250 |
|
|
|
| 260 |
|
|
|a Oxford, Blackwell Publishers Ltd
|
| 260 |
|
|
|c 2006
|
| 460 |
|
|
|a xiv, 821p
|
| 465 |
|
|
|a GBP24.99
|
| 500 |
|
|
|a ed by Dorothy J Hale
|
| 500 |
|
|
|a Includes bibliographical references and index
|
| 650 |
|
|
|a Fiction
|
| 650 |
|
|
|a History and criticism
|
| 650 |
|
|
|a Theory
|
| 942 |
|
|
|c BK
|
| 999 |
|
|
|c 35522
|d 35522
|
| 952 |
|
|
|0 0
|1 0
|4 0
|6 809_300000000000000_P6
|7 0
|8 ENG
|9 35929
|a MGUL
|b MGUL
|d 2013-07-16
|e GBP24.99
|l 7
|m 1
|o 809.3 P6
|p 35624
|q 2020-04-11
|r 2020-03-17
|s 2020-03-17
|w 2013-07-16
|y BK
|